Bulk carrier practice (Record no. 3092)

000 -LEADER
fixed length control field 00348nam a2200145Ia 4500
008 - FIXED-LENGTH DATA ELEMENTS--GENERAL INFORMATION
fixed length control field 200103s9999||||xx |||||||||||||| ||und||
020 ## - INTERNATIONAL STANDARD BOOK NUMBER
International Standard Book Number 1870077164, 9781870077163
082 ## - DEWEY DECIMAL CLASSIFICATION NUMBER
Classification number Column-4
100 ## - MAIN ENTRY--PERSONAL NAME
Personal name Isbester, J.
245 #0 - TITLE STATEMENT
Title Bulk carrier practice
260 ## - PUBLICATION, DISTRIBUTION, ETC. (IMPRINT)
Name of publisher, distributor, etc The Nautical Institute
Date of publication, distribution, etc 1993
300 ## - PHYSICAL DESCRIPTION
Extent 400
942 ## - ADDED ENTRY ELEMENTS (KOHA)
Item type Books
Holdings
Withdrawn status Lost status Source of classification or shelving scheme Damaged status Not for loan Collection code Permanent location Current location Shelving location Date acquired Full call number Barcode Date last seen Koha item type Public note
          Non-fiction IMU-MPC Library IMU-MPC Library General Stacks 2020-01-08 387.245 IBS LBS10570 2025-03-17 Books Column-4
Copyright © 2021 Indian Maritime University, Mumbai Port Campus. All Rights Reserved. Managed & Maintained by Central Library, IMU-Mumbai

webs counters

Powered by Koha